EPL Teams 2025-26 - Statistics

General Stats
  • This quiz has been taken 34 times
  • The average score is 18 of 20
Answer Stats
Answer % Correct
Arsenal
97%
Liverpool
97%
Manchester City
97%
Manchester United
97%
Wolverhampton Wanderers
97%
Chelsea
93%
West Ham United
93%
Aston Villa
90%
Burnley
90%
Crystal Palace
90%
Fulham
90%
Newcastle United
90%
Tottenham Hotspur
90%
Bournemouth
87%
Brentford
87%
Brighton & Hove Albion
87%
Everton
83%
Sunderland
83%
Leeds United
80%
Nottingham Forest
77%
No matching quizzes found
Score Distribution
Percent of People with Each Score
Percentile by Number Answered
Your Score History
You have not taken this quiz